2023 Men's March Madness Teams - Statistics

General Stats
  • This quiz has been taken 25 times
  • The average score is 27 of 64
Answer Stats
Hint Answer % Correct
4 Connecticut
79%
1 Kansas
79%
1 Alabama
75%
1 Houston
75%
6 Kentucky
75%
3 Baylor
71%
8 Iowa
71%
1 Purdue
71%
2 Texas
71%
2 UCLA
71%
2 Arizona
67%
5 Duke
67%
3 Gonzaga
67%
6 Iowa st
63%
2 Marquette
58%
5 Miami
58%
7 Michigan st
58%
4 Virginia
58%
9 Auburn
54%
3 Kansas st
54%
5 San Diego st
54%
4 Tennessee
54%
9 Florida Atlantic
50%
9 Illinois
50%
4 Indiana
50%
8 Arkansas
46%
11 North Carolina st
46%
15 Princeton
46%
10 Southern California
46%
7 Texas A&M
46%
8 Maryland
42%
8 Memphis
42%
10 Pennsylvania
42%
11 Arizona st
38%
6 Creighton
38%
7 Missouri
38%
11 Pittsburgh
38%
5 Saint Mary
38%
6 Texas Christian
38%
10 Utah st
38%
9 West Virginia
38%
15 Colgate
33%
16 Fairleigh Dickinson
33%
11 Providence
33%
3 Xavier
33%
7 Northwestern
29%
15 Vermont
29%
10 Boise st
25%
13 Furman
25%
16 Howard
25%
12 Oral Roberts
25%
12 Drake
21%
14 Grand Canyon
21%
14 Kennesaw st
21%
13 Kent st
21%
13 Louisiana
17%
16 Texas A&M-CC
17%
14 Montana st
13%
15 North Carolina Asheville
13%
16 Northern Kentucky
13%
14 UCSB
13%
13 Iona
8%
12 Virginia Commonwealth
8%
12 Charleston
4%
No matching quizzes found
Score Distribution
Percent of People with Each Score
Percentile by Number Answered
Your Score History
You have not taken this quiz